03285cam a22004814i 4500003000900000005001700009008004100026020001500067020001800082035002000100040003300120049000900153082001600162245012900178264003900307300003900346336002100385337002500406338002300431505172800454526001002182526001002192526001002202526001002212526000802222526000802230526000802238526000802246526000802254526000802262526000802270650003302278630001802311700002702329700003302356700003002389942001402419994001402433596000602447999014402453980005502597952015102652PE-LiUPU20250731172903.0150706s r 000 0 d a3161545222 a9783161545221 a(Sirsi) a166116 aPE-LiUPUbspacPE-LiUPUerda aPRUA04a230bB622300aBasel 1516 :bErasmus' edition of the New Testament /cedited by Martin Wallraff, Silvana Seidel Menchi, Kaspar von Greyerz. 1aTübingen :bMohr Siebeck,c2016. a319 páginas ;c24 centímetros. atext2rdacontent aunmediated2rdamedia avolume2rdacarrier0 aThe Novum Instrumentum 1516 and its philological background. t Basel 1514 : Erasmus' critical turn / r Mark Vessey -- t Biblical humanism / r Erika Rummel -- t Late medieval vernacular Bible production in the low countries / r August den Hollander -- t Reconsidering the relationship between the Complutensian Polyglot Bible and Erasmus' Novum Testamentum / r Ignacio García Pinilla -- g [Part 2.] t The text of the New Testament and its additions. t Structure and history of the biblical manuscripts used by Erasmus for his 1516 edition / r Patrick Andrist -- t The manuscript sources and textual character of Erasmus' 1516 Greek New Testament / r Andrew J. Brown -- t Paratexte der Bibel : was Erasmus edierte ausser dem Neuen Testament /r Martin Wallraff -- tDie Annotationes in Novum Testamentum im Rahmen von Erasmus' Werken zur Bibel /rMiekske van Poll-van de Lisdonk -- tDeconstructing the Vulgate : Erasmus' philological work in the Capita and the Soloecismi /rJan Krans -- tHow to domesticate the New Testament : Eramsus' dilemmas (1516-1535) /rSilvana Seidel Menchi -- tCommunication and reception. tThe impact of Erasmus' New Testament on the European market (1516-1527) : considerations regarding the production and distribution of a publishing success /rValentina Sebastiani -- tErasmus and the New Testament : innovation and subversion? /rMarie Barral-Baron -- tTheological and humanistic legacies of Erasmus in the Age of Reform /rGreta Kroeker -- tUnmittelbarkeit und Überlieferung : Erasmus und Beza zum Status des neutestamentlichen Textes /rSundar Henny -- tDie Nachwirkung des Neuen Testamentes von Erasmus in den reformatischen Kirchen /rChristine Christ-von Wedel. aSEG42 aSEG41 aSEG40 aSEG39 aP94 aP87 aP86 aP85 aP77 aP76 aP3514aErasmo, Desideriod1469-153604aBiblia.pN.T.1 aMartin Wallraffd1966-1 aSilvana Seidel Menchid1938-1 aKaspar von Greyerzd1947- 2ddccBOOK aC0bPEPRU a1 a230 B6wLCc14854i75232f2021-11-9g5lCCODEBUL1mBULr0sYtBOOKu2017-1-16xTEOLOGIAPP850COMPRAo.STAFF. Colección Teologíad14854 81gALBERTO SANCHEZ Responsable de Automatización r2025-12-03 00:00:00i6l0o230 B6p75232te1w2017-01-16xPGyBKzinventario-2023-12-13102ddc50708GENfP85aBULbBULcGENd2017-01-16eCOMPRA